000
00350nam a22001577a 4500
003
MPLRDC
005
20220104143018.0
008
210129b ||||| |||| 00| 0 eng d
082
_a
427.1 DHE
100
_a
邓惠儿著
245
_a
精美羹汤
_c
260
_a
_b
香港长风书局
_c
300
_b
平
650
_a
942
_c
BK
_o
427.1 DHE
999
_c
35778
_d
35768